| 000 | 00768nam a22002177i 4500 | ||
|---|---|---|---|
| 001 | 880965 | ||
| 003 | ARRUPE | ||
| 005 | 20160928161055.0 | ||
| 008 | 791220|1978 ||| 000 0 eng | ||
| 010 | _a 79980525 | ||
| 040 |
_aDLC _cDLC _dDLC |
||
| 050 | 0 | 0 | _aBR1443.U33T925 |
| 245 | 1 | 2 |
_aA Century of Christianity in Uganda, 1877-1977 : _ba historical appraisal of the development of the Uganda church over the last one hundred years / _cedited, A.D. Tom Tuma and Phares Mutibwa. |
| 260 |
_a[s.l] _b[s.n] _c1978 |
||
| 300 |
_axxiii, 189 p.; _c22 cm. |
||
| 650 |
_aUganda _xChurch history _926245 |
||
| 710 |
_aA.D Toma Tuma _eed. _926246 |
||
| 710 |
_aPhares Mutibwa _eed. _926247 |
||
| 906 |
_a7 _bcbc _corignew _d4 _encip _f19 _gy-gencatlg |
||
| 942 |
_2lcc _cMONOGRAPH |
||
| 999 |
_c125366 _d125366 |
||